000 00805nam a2200253Ia 4500
003 GCL
008 140319s9999 xx 000 0 ara d
040 _aGCL /
_cGCL
082 0 4 _aم
_b720
_bع م
100 1 _aعفيف البهنسى
245 1 0 _aموسوعة التراث المعمارى /
_cعفيف البهنسى
260 _aسوريا :
_bدار الشرق ،
_c2004
300 _a2 مج ؛
_c28 سم
650 0 4 _aالاثار الاسلامية
650 0 4 _aالاثار
650 0 4 _aالعمارة
650 0 4 _aالعمارة الحديثة
650 0 4 _aالعمارة القديمة
650 0 4 _aالفن - مدارس
650 0 4 _aالفن - موسوعات
650 0 4 _aالعمارة - موسوعات
650 0 4 _aالمعماريون - تراجم
942 _2ddc
_cBK
999 _c9989
_d9989